| 000 | 00443nam a22001817a 4500 | ||
|---|---|---|---|
| 003 | NUST-PNEC | ||
| 005 | 20170114142545.0 | ||
| 008 | 140716b xxu||||| |||| 00| 0 eng d | ||
| 040 | _cPNEC | ||
| 082 | _a330 AKH | ||
| 100 |
_9158 _aAkhtar, S.M. |
||
| 245 |
_aEssentials of economics _cS.M. Akhtar |
||
| 250 | _aVOL-II | ||
| 260 |
_aLahore _bUnited Publisher(Pvt)Ltd _cc.1990 |
||
| 300 |
_a268p. : _c22 cm. |
||
| 651 | _xMIS | ||
| 942 |
_2ddc _cBK |
||
| 999 |
_c60186 _d60186 |
||